| 000 | 01106nam a2200301Ia 4500 | ||
|---|---|---|---|
| 001 | 86875 | ||
| 003 | IT-RoPAU | ||
| 008 | 130308s9999 xx 000 0 und d | ||
| 040 | _aIT-RoPAU | ||
| 040 | _cIT-RoPAU | ||
| 041 | _aITALIANO | ||
| 100 | _aAA.VV. | ||
| 100 | _gCodice Aut. SPICS: 12000 | ||
| 245 | _aRai di tutto di più | ||
| 245 | _bRai di tutto di Piu' | ||
| 250 | _a1a ed. | ||
| 260 | _aROMA | ||
| 260 | _bRai - Radio Televisione Italiana | ||
| 260 | _c1988 [1° Ed.:1988 - Ed.Ling.Originale:1988] | ||
| 300 | _a"48 p. (prefazione: no ; testo: 48 [pagine: 0-0])" | ||
| 500 | _aGruppo Rai Rapporti internazionali Informazione Trasmissioni per L'Estero Spettcolo Cultura Cinema Grandi produzioni sport Home video Nuovi Servizi Televideo Isofrequenza Radiodata Radio e Telesoftware Stereofonia satellite Alta Definizione programmi Televisivi nel 1987 programmi Radiofonici nel 1987 impianti Trasmittenti impianti di ripresa Televisiva | ||
| 650 | _aINDUSTRIA TELEVISIVA | ||
| 650 | _eCodice materia Spics: 6956 | ||
| 942 | _cBK | ||
| 957 | _71 | ||
| 999 |
_c73129 _d73129 |
||
| 999 | _bSI | ||
| 999 | _g1 | ||